[Event "Campeonato Individual de Bizkaia - Cat Preferente - 2018 "]
[Site "Bilbao"]
[Date "2018.11.03"]
[Round "3"]
[Board "8"]
[White "Urbieta Gabancho, Koldo"]
[Black "Galarza Docampo, Karmel"]
[Result "1/2-1/2"]
[WhiteElo "1822"]
[BlackElo "1901"]
[PlyCount "0"]
[EventDate "2018.10.20"]
[EventRounds "6"]
[EventCountry "ESP"]

1.e4 c5 2.Nf3 e6 3.d3 d5 4.Nbd2 Nc6 5.g3 Nf6 6.Bg2 Be7 7.O-O O-O 8.Re1 Qc7
9.e5 Nd7 10.Qe2 f6 11.exf6 Nxf6 12.c3 a6 13.Nf1 Bd6 14.Ne3 e5 15.Ng5 Ne7 
16.Bh3 Bxh3 17.Nxh3 Qd7 18.Kg2 e4 19.dxe4 Nxe4 20.Nxd5 Nxd5 21.Qxe4 Nf6 
22.Qe6+ Qxe6 23.Rxe6  1/2-1/2

[Event "Campeonato Individual de Bizkaia - Cat Preferente - 2018 "]
[Site "Bilbao"]
[Date "2018.11.03"]
[Round "3"]
[Board "9"]
[White "Dura Olmos, Gines Raul"]
[Black "Mendez Nunez, Jose Antonio"]
[Result "1-0"]
[WhiteElo "1887"]
[BlackElo "1731"]
[PlyCount "0"]
[EventDate "2018.10.20"]
[EventRounds "6"]
[EventCountry "ESP"]

1.Nf3 Nf6 2.c4 c5 3.b3 Nc6 4.Bb2 e6 5.g3 Be7 6.Bg2 O-O 7.O-O d5 8.e3 Nb4 
9.d4 a5 10.Nc3 Bd7 11.Ne5 Be8 12.f4 Rb8 13.a4 cxd4 14.exd4 dxc4 15.bxc4 
Bc6 16.Nxc6 bxc6 17.Rb1 Nd7 18.d5 exd5 19.cxd5 cxd5 20.Nxd5 Bc5+ 21.Kh1 
Nxd5 22.Qxd5 Rb6 23.Rfd1 Rd6 24.Qf5 Nf6 25.Rxd6 Qxd6 26.Bxf6 gxf6 27.Be4 
Rb8 28.Qxh7+ Kf8 29.Rxb8+  1-0

[Event "Campeonato Individual de Bizkaia - Cat Preferente - 2018 "]
[Site "Bilbao"]
[Date "2018.11.03"]
[Round "3"]
[Board "10"]
[White "Eiguren Martinez, Kepa"]
[Black "Martinez De Soria Gordon, Jose Manuel"]
[Result "0-1"]
[WhiteElo "844"]
[BlackElo "1913"]
[PlyCount "0"]
[EventDate "2018.10.20"]
[EventRounds "6"]
[EventCountry "ESP"]

1.e4 c6 2.Nc3 d5 3.Nf3 Bg4 4.d4 e6 5.h3 Bxf3 6.Qxf3 dxe4 7.Nxe4 Qxd4 8.c3 
Qb6 9.Bd3 Nd7 10.Bf4 Ngf6 11.O-O Nxe4 12.Bxe4 Nf6 13.Bc2 Be7 14.b4 O-O 15.
Be5 a5 16.Rfe1 axb4 17.Qg3 g6 18.Qh4 Nd5 19.Qh6 Bf6 20.g4 Bxe5 21.Rxe5 
bxc3 22.Rae1 Rxa2 23.R1e2 Nb4  0-1

[Event "Campeonato Individual de Bizkaia - Cat Preferente - 2018 "]
[Site "Bilbao"]
[Date "2018.11.10"]
[Round "4"]
[Board "1"]
[White "Prieto Aranguren, Alain"]
[Black "Sadusea, Johnny Fernando"]
[Result "1/2-1/2"]
[WhiteElo "2281"]
[BlackElo "2077"]
[PlyCount "0"]
[EventDate "2018.10.20"]
[EventRounds "6"]
[EventCountry "ESP"]

1.d4 d5 2.Nf3 Nf6 3.Bg5 e6 4.e3 c5 5.c3 Qb6 6.Qb3 Nbd7 7.Nbd2 Bd6 8.Bd3 
Qc7 9.c4 O-O 10.O-O cxd4 11.exd4 dxc4 12.Nxc4 Bf4 13.Bh4 b6 14.Ne3 Bb7 15.
Rac1 Qd6 16.Be2 Rac8 17.Rxc8 Rxc8 18.Nc4 Qd5 19.Bg3 Bxg3 20.hxg3 h6 21.Bd3
g5 22.Ne3 Qxb3 23.axb3 Kf8 24.b4 a6 25.b5 a5 26.Ne5 Ke7 27.N3c4 Bd5 28.f4 
Bxc4 29.Nxc4 Nd5 30.fxg5 hxg5 31.Rxf7+ Kxf7 32.Nd6+ Kf6 33.Nxc8 e5 34.Be4 
Ke6 35.g4 Ne3 36.d5+ Kf6 37.Bf3 e4 38.Bxe4 Ke5 39.Bf3 Nxd5 40.Kf2 N7f6 41.
Ke2 Kd4 42.Nd6 Kc5 43.Nf7 Nf4+ 44.Kd2 Ne6 45.Bc6 Nd4 46.Bf3 Ne6 47.Be2 Kb4
48.Kc1 Kc5 49.b3 Nd4 50.Bd1 Ne4 51.Kb2 Nf2 52.Bf3 Ne6 53.Bc6 Nd3+ 54.Kc3 
Nb4 55.Bd7 Nf4 56.Nxg5 Nbd5+ 57.Kb2 Nxg2 58.Nf3 Nf6 59.Bc8 Kxb5 60.g5 Nh5 
61.Nd4+ Kc5 62.Bg4 Kxd4 63.Bxh5 Nf4 64.Be8 Kc5 65.Kc3 b5 66.g6 Ne6 67.Bd7 
Ng7 68.Bg4 Ne8 69.Bd1 Ng7 70.Kd3 Kb4 71.Ke4 a4 72.bxa4 bxa4 73.Bxa4 
 1/2-1/2

[Event "Campeonato Individual de Bizkaia - Cat Preferente - 2018 "]
[Site "Bilbao"]
[Date "2018.11.10"]
[Round "4"]
[Board "2"]
[White "Hernandez Garcia, Maximo"]
[Black "Goiria Egidazu, Jon Asel"]
[Result "1/2-1/2"]
[WhiteElo "1977"]
[BlackElo "2084"]
[PlyCount "0"]
[EventDate "2018.10.20"]
[EventRounds "6"]
[EventCountry "ESP"]

1.e4 e5 2.Nf3 Nc6 3.Bc4 Bc5 4.c3 Nf6 5.d3 O-O 6.O-O d5 7.exd5 Nxd5 8.b4 
Be7 9.b5 Na5 10.Nxe5 Bf6 11.Re1 Nxc4 12.dxc4 Nb6 13.Qb3 Bxe5 14.Rxe5 Re8 
15.Rxe8+ Qxe8 16.Be3 Qe4 17.Nd2 Qd3 18.Bxb6 axb6 19.Nf1 Be6 20.Ne3 Qe2 21.
Qd1 Bxc4 22.Qxe2 Bxe2 23.Nd5 Bc4 24.Nxc7 Rc8 25.Rd1 Kf8 26.Nd5 Rd8 27.Ne3 
Rxd1+ 28.Nxd1 Bxa2 29.Ne3 Ke7 30.Kf1 Kd6 31.Nf5+ Kc5 32.Nxg7 Kc4 33.Ne8 
Kxc3 34.Nf6 Bb1 35.Nd5+ Kc4 36.Nxb6+ Kxb5 37.Nc8 Kc5 38.Ke1 b5 39.Kd2 Bf5 
40.Ne7 Be6 41.Ng8 b4 42.Nf6 b3 43.Kc3 h6 44.Ng8 h5 45.Nf6 h4 46.h3 Kd6 47.
Ne4+ Ke5 48.Nd2 Bd5 49.g3 hxg3 50.fxg3 Be6 51.Nf3+ Kf6 52.h4 Bd5 53.Nd4 
Ke5 54.Nxb3 Kf5 55.Nd4+ Kg4 56.Ne2 f5 57.Kd2 Bf3 58.Ke3 Bxe2 59.Kxe2 f4 
60.h5 Kxh5 61.gxf4 Kg4 62.Ke3 Kf5  1/2-1/2

[Event "Campeonato Individual de Bizkaia - Cat Preferente - 2018 "]
[Site "Bilbao"]
[Date "2018.11.10"]
[Round "4"]
[Board "3"]
[White "Torres Garcia, Koldo"]
[Black "Garrido Legarreta, Jose Javier"]
[Result "0-1"]
[WhiteElo "1975"]
[BlackElo "2019"]
[PlyCount "0"]
[EventDate "2018.10.20"]
[EventRounds "6"]
[EventCountry "ESP"]

1.e4 e6 2.d4 d5 3.exd5 exd5 4.c4 Nf6 5.Nc3 Be7 6.Nf3 O-O 7.Bd3 dxc4 8.Bxc4
Bg4 9.h3 Bxf3 10.Qxf3 Qxd4 11.Bb3 c6 12.O-O Nbd7 13.Be3 Qb4 14.Rad1 Rfd8 
15.Rd4 Ne5 16.Qf4 Rxd4 17.Bxd4 Ng6 18.Qe3 c5 19.Bxf6 Bxf6 20.Nd5 Qd4 21.
Nxf6+ gxf6 22.Qf3 Rb8 23.Rd1 Qxb2 24.Qd5 Rf8 25.Qxc5 b6 26.Qc7 a5 27.Qxb6 
Qe5 28.Rd5 Qa1+ 29.Kh2 a4 30.Bxa4 Qxa2 31.Bb3 Qa1 32.Rf5 Kg7 33.g3 Ne7 34.
Rh5 Qc3 35.Qb7 Qe1 36.Qf3 Ng6 37.Rf5 Qe7 38.h4 Ne5 39.Qh5 Qb4 40.Bc2 Qc4 
41.Bb1 Ng4+ 42.Kh3 Nh6 43.Rf4 Qf1+ 44.Kh2 Qxb1 45.Qf3 Qg6 46.h5 Qg5 47.Rd4
Re8 48.Rd5 f5 49.Qc3+ Qf6 50.Qd2 Ng4+ 51.Kg2 Re5 52.Rd6 Re6 53.Rd5 Re5 54.
Rd7 Rb5 55.Qd1 Rb2 56.Rd2 Qc6+ 57.Kg1 Qc3 58.Rxb2 Qxb2 59.Qf3 Qxf2+ 60.
Qxf2 Nxf2 61.Kxf2 Kh6 62.Kf3 Kxh5 63.Kf4 Kg6 64.Ke3 Kg5 65.Kf3 h5 66.Ke3 
Kg4 67.Kf2  0-1

[Event "Campeonato Individual de Bizkaia - Cat Preferente - 2018 "]
[Site "Bilbao"]
[Date "2018.11.10"]
[Round "4"]
[Board "4"]
[White "Dura Olmos, Gines Raul"]
[Black "Sarralde Marco, Emilio"]
[Result "1-0"]
[WhiteElo "1887"]
[BlackElo "1859"]
[PlyCount "0"]
[EventDate "2018.10.20"]
[EventRounds "6"]
[EventCountry "ESP"]

1.Nf3 Nf6 2.c4 c5 3.b3 Nc6 4.Bb2 e6 5.g3 d5 6.e3 Be7 7.Bg2 O-O 8.O-O d4 9.
exd4 cxd4 10.Re1 Bc5 11.Ne5 Bd7 12.Nxd7 Qxd7 13.a3 a5 14.d3 Rfb8 15.Nd2 
Ra6 16.Rc1 Qe7 17.Ra1 Na7 18.b4 axb4 19.axb4 Bxb4 20.Bxd4 Rxa1 21.Qxa1 Nc6
22.Bc3 Rd8 23.Ne4 Nxe4 24.Bxe4 Bxc3 25.Qxc3 Nd4 26.Qb2 b5 27.cxb5 f5 28.
Bg2 Qf6 29.Rb1 f4 30.b6 f3 31.b7 Rb8 32.Bf1 Nc6 33.Qxf6 gxf6 34.Rc1 Ne7 
35.Rc7 Kf8 36.d4 Ke8 37.Bb5+ Kd8 38.Rd7+ Ke8 39.g4  1-0

[Event "Campeonato Individual de Bizkaia - Cat Preferente - 2018 "]
[Site "Bilbao"]
[Date "2018.11.10"]
[Round "4"]
[Board "5"]
[White "Galarza Docampo, Karmel"]
[Black "Cuero Reid, Maximo Javier"]
[Result "1-0"]
[WhiteElo "1901"]
[BlackElo "1781"]
[PlyCount "0"]
[EventDate "2018.10.20"]
[EventRounds "6"]
[EventCountry "ESP"]

1.d4 d6 2.c4 Nc6 3.Nc3 e5 4.d5 Nce7 5.e4 Nf6 6.Be2 Ng6 7.Nf3 Be7 8.O-O O-O
9.Ne1 Nd7 10.Nd3 Bg5 11.Bg4 Bxc1 12.Rxc1 Nf6 13.Bxc8 Qxc8 14.Qd2 Nh5 15.c5
Qg4 16.f3 Qd7 17.c6 Qc8 18.cxb7 Qxb7 19.Rc2 a6 20.Ne2 Rab8 21.Rfc1 Rfc8 
22.Qa5 Qa7+ 23.Kh1 Qe3 24.Rxc7 Rf8 25.Qc3 Nh4 26.Ng1 Qh6 27.Nh3 Nxf3 28.
gxf3 Ng3+ 29.Kg2 Ne2 30.Qe1 Nxc1 31.Qxc1 Qg6+ 32.Qg5 Rfc8 33.Rxc8+ Rxc8 
34.Qxg6 hxg6 35.Kf1 Rc2 36.Nhf2 f5 37.Ke1 Kf7 38.Kd1 Rc8 39.Kd2 a5 40.b3 
Ke7 41.h3 Kf6 42.Nb2 Kg5 43.Nc4  1-0

[Event "Campeonato Individual de Bizkaia - Cat Preferente - 2018 "]
[Site "Bilbao"]
[Date "2018.11.10"]
[Round "4"]
[Board "7"]
[White "Cano Cavero, Alberto Javier"]
[Black "Valdezate Suarez, Fernando"]
[Result "0-1"]
[WhiteElo "1820"]
[BlackElo "1890"]
[PlyCount "0"]
[EventDate "2018.10.20"]
[EventRounds "6"]
[EventCountry "ESP"]

1.d4 g6 2.Bf4 Nf6 3.Nc3 d6 4.Qd2 c6 5.O-O-O b5 6.f3 b4 7.Ne4 Nd5 8.Bh6 Qa5
9.Kb1 Nc3+ 10.bxc3 Be6 11.Qe3 Bxh6 12.Qxh6 Qa3 13.d5 Bxd5 14.Rxd5 cxd5 15.
Nf2 bxc3 16.Qc1 Qa4 17.e4 Nc6 18.Nd3 Rb8+ 19.Ka1 Nd4  0-1

[Event "Campeonato Individual de Bizkaia - Cat Preferente - 2018 "]
[Site "Bilbao"]
[Date "2018.11.17"]
[Round "5"]
[Board "1"]
[White "Garrido Legarreta, Jose Javier"]
[Black "Goiria Egidazu, Jon Asel"]
[Result "1/2-1/2"]
[WhiteElo "2019"]
[BlackElo "2084"]
[PlyCount "0"]
[EventDate "2018.10.20"]
[EventRounds "6"]
[EventCountry "ESP"]

1.d4 Nf6 2.c4 e6 3.Nf3 Bb4+ 4.Nbd2 b6 5.a3 Bxd2+ 6.Qxd2 Bb7 7.e3 O-O 8.Be2
a5 9.b3 Ne4 10.Qc2 f5 11.O-O d6 12.Bb2 Nd7 13.Ne1 Qg5 14.Qc1 Qh6 15.f3 
Nef6 16.Nd3 e5 17.dxe5 dxe5 18.Nxe5 Nc5 19.Qc3 Rae8 20.Bd1 Re7 21.b4 Rfe8 
22.Qd2 Ncd7 23.Nxd7 Rxd7 24.Qf2 Qxe3 25.Qxe3 Rxe3 26.Ba4 Rde7 27.bxa5 bxa5
28.Bd4 Rd3 29.Rfd1 Rxd1+ 30.Rxd1 Kf7 31.Kf2 Nd7 32.Re1 g6 33.Rxe7+ Kxe7 
34.Ke3 Nb6 35.Bc5+ Ke6 36.Bb3 Nd7 37.Bd4 Bc6 38.Kf4 h6 39.h4 Nf6 40.a4 
Nh5+ 41.Ke3 g5 42.hxg5 hxg5 43.Bc3 g4 44.Bxa5 gxf3 45.gxf3 Kd6 46.Bb4+ Ke5
47.f4+ Ke6 48.a5 Nf6 49.a6 Nd7 50.a7 Nb6 51.c5+ Nd5+ 52.Kd4 Ba8 53.Ba5 c6 
54.Bd2 Bb7 55.Ba5 Ba8 56.Bd2 Bb7 57.Bxd5+ cxd5 58.Kc3 Kd7 59.Be3 Bc6 60.
Bd4 Bb7 61.Kd3 Bc6 62.Ke3 Ke6 63.Kf3 Kf7 64.Kg3 Kg6 65.Be5 Bb7 66.Kf2 Kf7 
67.Ke3 Ke6 68.Kd4 Kd7 69.Bd6 Ke6 70.Kc3 Kd7 71.Bf8 Ba8 72.Kb4 Kc6 73.Bd6 
Bb7 74.Be5 Ba8 75.Bd6 Bb7 76.Be5 Ba8 77.Bd6  1/2-1/2

[Event "Campeonato Individual de Bizkaia - Cat Preferente - 2018 "]
[Site "Bilbao"]
[Date "2018.11.17"]
[Round "5"]
[Board "2"]
[White "Sadusea, Johnny Fernando"]
[Black "Hernandez Garcia, Maximo"]
[Result "1-0"]
[WhiteElo "2077"]
[BlackElo "1977"]
[PlyCount "0"]
[EventDate "2018.10.20"]
[EventRounds "6"]
[EventCountry "ESP"]

1.e4 e5 2.Nf3 Nc6 3.Bb5 a6 4.Bxc6 dxc6 5.Nxe5 Qd4 6.Nf3 Qxe4+ 7.Qe2 Qxe2+ 
8.Kxe2 Bf5 9.d3 Nf6 10.Re1 O-O-O 11.Nc3 Bb4 12.Bg5 Rde8+ 13.Kf1 Nd5 14.Bd2
Nxc3 15.Bxc3 Bxc3 16.bxc3 f6 17.Re3 Rxe3 18.fxe3 c5 19.e4 Bd7 20.Kf2 Ba4 
21.Rc1 Re8 22.Ke3 Re6 23.Nd2 f5 24.Rf1 fxe4 25.Nxe4 b6 26.Kd2 Bc6 27.Rf4 
Kd7 28.Rf7+ Re7 29.Rxe7+ Kxe7 30.Ke3 h6 31.g3 Ke6 32.Nf2 Kf5 33.a3 Ba4 34.
Kd2 Bc6 35.Kc1 g5 36.Kd2 Ba4 37.c4 Bd7 38.Kc1 Be6 39.Kd2 Ke5 40.Nd1 c6 41.
Nf2 Bf5 42.Ke3 b5 43.Kd2 b4 44.a4 Kd4 45.a5 h5 46.Nd1 Bg4 47.c3+ bxc3+ 48.
Nxc3 Bf3 49.Nb1 Bg4 50.Na3 Be6 51.Nc2+ Ke5 52.Kc3 h4 53.Ne3 hxg3 54.hxg3 
Bh3 55.Kd2 Be6 56.Nd1 Kd4 57.Nc3 Bg4 58.Ne4 Bf5 59.Nxg5 Bxd3 60.Nf3+ Ke4 
61.Ne5 Bf1 62.Nxc6 Bxc4 63.Kc3 Bd5 64.Nb8 Bb7 65.Kc4 Kf3 66.Kxc5 Kxg3 67.
Kb6 Bc8 68.Nxa6 Kf4 69.Nb4 Ke5 70.Kc7 Bh3 71.a6 Bg2 72.Nc6+  1-0

[Event "Campeonato Individual de Bizkaia - Cat Preferente - 2018 "]
[Site "Bilbao"]
[Date "2018.11.17"]
[Round "5"]
[Board "4"]
[White "Torres Garcia, Koldo"]
[Black "Dura Olmos, Gines Raul"]
[Result "1-0"]
[WhiteElo "1975"]
[BlackElo "1887"]
[PlyCount "0"]
[EventDate "2018.10.20"]
[EventRounds "6"]
[EventCountry "ESP"]

1.e4 c5 2.Nf3 e6 3.Nc3 Nf6 4.e5 Nd5 5.Ne4 f5 6.Neg5 h6 7.Nh3 Be7 8.c4 Nb4 
9.d4 cxd4 10.Nxd4 O-O 11.Bd2 Qc7 12.Nf3 N8c6 13.Bc3 g5 14.a3 Na6 15.Nhxg5 
Bxg5 16.Nxg5 hxg5 17.Qh5 Rf7 18.h4 g4 19.f3 Qd8 20.fxg4 Rh7 21.Qg6+ Rg7 
22.Qh6 Rxg4 23.Be2 Rg7 24.O-O-O Ne7 25.g4 fxg4 26.Bxg4 Rg6 27.Bxe6+ Rxe6 
28.Rhg1+ Ng6 29.Rxg6+ Rxg6 30.Qxg6+ Kf8 31.Rf1+  1-0

[Event "Campeonato Individual de Bizkaia - Cat Preferente - 2018 "]
[Site "Bilbao"]
[Date "2018.11.17"]
[Round "5"]
[Board "5"]
[White "Sarralde Marco, Emilio"]
[Black "Rodriguez Gonzalez, Alex"]
[Result "0-1"]
[WhiteElo "1859"]
[BlackElo "1992"]
[PlyCount "0"]
[EventDate "2018.10.20"]
[EventRounds "6"]
[EventCountry "ESP"]

1.e4 Nc6 2.d4 d5 3.e5 Bf5 4.Bd3 Nxd4 5.Bxf5 Nxf5 6.Qd3 Qd7 7.g4 Nfh6 8.h3 
e6 9.Nf3 c5 10.c3 g6 11.O-O Ne7 12.Na3 a6 13.Bg5 Nhg8 14.Qe3 Nc6 15.Rad1 
b5 16.Bf6 Nxf6 17.exf6 Bd6 18.Nc2 h5 19.g5 O-O 20.Nce1 Qc7 21.Ng2 Ne5 22.
Nxe5 Bxe5 23.f4 Bd6 24.Qd3 Kh7 25.Rf3 d4 26.Rdf1 c4 27.Qd1 d3 28.f5 exf5 
29.Rxf5 Rae8 30.Qf3 Re2 31.Nf4 Bxf4 32.Rxf4 Qc5+ 33.Kh1 Qxg5 34.Rg1 Qe5 
35.h4 Re3 36.Qf2 Qd5+ 37.Rg2 Rfe8 38.Rd4 Re1+ 39.Kh2 Qe5+ 40.Qg3 Qxg3+ 41.
Kxg3 R8e2  0-1

[Event "Campeonato Individual de Bizkaia - Cat Preferente - 2018 "]
[Site "Bilbao"]
[Date "2018.11.17"]
[Round "5"]
[Board "6"]
[White "Valdezate Suarez, Fernando"]
[Black "Galarza Docampo, Karmel"]
[Result "1/2-1/2"]
[WhiteElo "1890"]
[BlackElo "1901"]
[PlyCount "0"]
[EventDate "2018.10.20"]
[EventRounds "6"]
[EventCountry "ESP"]

1.d4 Nf6 2.c4 g6 3.Nc3 Bg7 4.e4 d6 5.f4 O-O 6.Nf3 c5 7.d5 e6 8.dxe6 fxe6 
9.Bd3 Nc6 10.O-O a6 11.Qe1 Bd7 12.Ng5 h6 13.Nf3 Be8 14.Kh1 Bf7 15.Be3 b6 
16.Rd1 Qe7 17.Qh4 Ne8 18.Qg3 Nd4 19.Nh4 Qf6 20.e5 dxe5 21.Ne4 Qe7 22.Nxg6 
Bxg6 23.Qxg6 Nf5 24.Bc1 Qf7 25.Qg4 Nf6 26.Nxf6+ Qxf6 27.fxe5 Qxe5 28.Bxf5 
exf5  1/2-1/2

[Event "Campeonato Individual de Bizkaia - Cat Preferente - 2018 "]
[Site "Bilbao"]
[Date "2018.11.17"]
[Round "5"]
[Board "7"]
[White "Torres Novalbos, David"]
[Black "Eiguren Martinez, Kepa"]
[Result "1-0"]
[WhiteElo "2023"]
[BlackElo "844"]
[PlyCount "0"]
[EventDate "2018.10.20"]
[EventRounds "6"]
[EventCountry "ESP"]

1.e4 e6 2.d4 d5 3.Nd2 c5 4.exd5 Qxd5 5.Ngf3 cxd4 6.Bc4 Qd7 7.O-O Nf6 8.Nb3
Nc6 9.Nbxd4 Nxd4 10.Nxd4 a6 11.Re1 Bc5 12.c3 b5 13.Bb3 O-O 14.Bg5 Bxd4 15.
cxd4 Rd8 16.d5 exd5 17.Bxf6 gxf6 18.Bxd5 Bb7 19.Bxb7 Qxb7 20.Qg4+ Kh8 21.
Qf5 Qc6 22.Re7 Rd5 23.Qf3 Rc8 24.g3 Re5 25.Qxc6 Rxc6 26.Rxf7 Kg8 27.Ra7 
Ree6 28.Rd1 Rcd6 29.Rxd6 Rxd6 30.b3 b4 31.Kg2 h5 32.Rb7 Rd2 33.Rxb4 Rxa2 
34.Ra4 Rxa4 35.bxa4 Kf7 36.Kf3 Ke6 37.Ke4 a5 38.Kf4 Kd5 39.Kf5 Kc4 40.Kxf6
Kb4 41.Kg6 Kxa4 42.f4 Kb5 43.f5 a4 44.f6 a3 45.f7 a2 46.f8=Q a1=Q 47.Qf5+ 
Kc6 48.Qf6+ Qxf6+ 49.Kxf6  1-0

[Event "Campeonato Individual de Bizkaia - Cat Preferente - 2018 "]
[Site "Bilbao"]
[Date "2018.11.17"]
[Round "5"]
[Board "8"]
[White "Martinez De Soria Gordon, Jose Manuel"]
[Black "Cuero Reid, Maximo Javier"]
[Result "1/2-1/2"]
[WhiteElo "1913"]
[BlackElo "1781"]
[PlyCount "0"]
[EventDate "2018.10.20"]
[EventRounds "6"]
[EventCountry "ESP"]

1.e4 d6 2.Nc3 Nf6 3.g3 Nc6 4.Bg2 Bg4 5.f3 Bd7 6.d4 e5 7.Nge2 Be7 8.d5 Nb4 
9.a3 Na6 10.Be3 O-O 11.O-O Qc8 12.Qd2 Bh3 13.Rf2 Bxg2 14.Kxg2 Nb8 15.g4 
Nxg4 16.fxg4 Qxg4+ 17.Ng3 Bh4 18.Qe2 Qg6 19.Rf5 Nd7 20.Qh5 Bxg3 21.hxg3 
Nf6 22.Qxg6 hxg6 23.Rf3 c6 24.dxc6 bxc6 25.Rd1 Rab8 26.b3 Ne8 27.g4 f6 28.
g5 Rb7 29.Rh1 Rbf7 30.Ne2 f5 31.Rhf1 f4 32.c4 Nc7 33.Bf2 Ne6 34.Bh4 Rb7 
35.Rd1 Rd8 36.b4 a5 37.bxa5 Rb2 38.Kf1 Kf7 39.a6 Ke7 40.Nc3 Ra8 41.Na4 Rh2
42.c5 Rxh4 43.cxd6+ Kd8 44.Nb6 Rxa6 45.Nc4 Nxg5 46.Rb3 Rh1+ 47.Ke2 f3+ 48.
Rxf3 Rxd1 49.Rf8+ Kd7 50.Kxd1 Nxe4 51.Rf7+ Ke6 52.d7 Ra8 53.Rxg7 Rd8 54.
Rxg6+ Kxd7 55.Nxe5+  1/2-1/2

[Event "Campeonato Individual de Bizkaia - Cat Preferente - 2018 "]
[Site "Bilbao"]
[Date "2018.11.17"]
[Round "5"]
[Board "10"]
[White "Urbieta Gabancho, Koldo"]
[Black "Mendez Nunez, Jose Antonio"]
[Result "0-1"]
[WhiteElo "1822"]
[BlackElo "1731"]
[PlyCount "0"]
[EventDate "2018.10.20"]
[EventRounds "6"]
[EventCountry "ESP"]

1.Nf3 d6 2.b3 Nf6 3.Bb2 e6 4.g3 b6 5.Bg2 Bb7 6.O-O c5 7.c4 Nbd7 8.d3 g6 9.
e4 Bg7 10.Qc2 e5 11.a3 O-O 12.Bc1 Re8 13.Nc3 Nf8 14.Rb1 a6 15.b4 Ne6 16.
bxc5 Nxc5 17.Be3 Nfd7 18.Nd2 Bc6 19.Nb3 Ne6 20.Qb2 Rb8 21.f4 Nd4 22.Bxd4 
exd4 23.Ne2 Nc5 24.Qd2 Nxb3 25.Rxb3 Ba4 26.Rb4 b5 27.cxb5 Bxb5 28.Rfb1 Qa5
29.Qb2 Rbc8 30.Qb3 Qc7 31.Rc1 Qa7 32.Bh3 Rxc1+ 33.Nxc1 Qc5 34.Ne2 Kf8 35.
a4 Bxd3 36.Rb7 Bc4  0-1

[Event "Campeonato Individual de Bizkaia - Cat Preferente - 2018 "]
[Site "Bilbao"]
[Date "2018.11.24"]
[Round "6"]
[Board "1"]
[White "Goiria Egidazu, Jon Asel"]
[Black "Sadusea, Johnny Fernando"]
[Result "0-1"]
[WhiteElo "2084"]
[BlackElo "2077"]
[PlyCount "0"]
[EventDate "2018.10.20"]
[EventRounds "6"]
[EventCountry "ESP"]

1.e4 c5 2.Nf3 d6 3.Bd3 Nf6 4.c3 Bg4 5.h3 Bh5 6.O-O Nbd7 7.Bc2 e5 8.d3 Be7 
9.Nbd2 O-O 10.Re1 Re8 11.Nf1 Bf8 12.Ng3 Bg6 13.Nh4 d5 14.Qf3 d4 15.Bb3 Qc7
16.Bg5 b5 17.cxd4 exd4 18.Nxg6 hxg6 19.Rac1 Rac8 20.Qd1 Nb6 21.Ne2 Qd7 22.
Bc2 Nh7 23.Bf4 Rcd8 24.Bb3 Rc8 25.Bc2 Red8 26.Bb1 c4 27.Bd2 b4 28.dxc4 
Nxc4 29.Bf4 d3 30.Rxc4 Rxc4 31.Qb3 Rxe4  0-1

[Event "Campeonato Individual de Bizkaia - Cat Preferente - 2018 "]
[Site "Bilbao"]
[Date "2018.11.24"]
[Round "6"]
[Board "2"]
[White "Prieto Aranguren, Alain"]
[Black "Hernandez Garcia, Maximo"]
[Result "0-1"]
[WhiteElo "2281"]
[BlackElo "1977"]
[PlyCount "0"]
[EventDate "2018.10.20"]
[EventRounds "6"]
[EventCountry "ESP"]

1.d4 Nf6 2.Nf3 g6 3.c4 Bg7 4.Nc3 O-O 5.e4 d6 6.Be2 e5 7.d5 a5 8.Bg5 Na6 9.
Nd2 c5 10.Qb3 Bd7 11.a4 Nb4 12.Nb5 Qe7 13.O-O-O h6 14.Bh4 Rfc8 15.f3 Qf8 
16.g4 Ne8 17.Bf2 f5 18.gxf5 gxf5 19.Rdf1 Qf6 20.Rhg1 f4 21.Be1 Kh7 22.Rf2 
Bf8 23.Bf1 Nc7 24.Rfg2 Nxb5 25.cxb5 Bh3 26.Rg6 Qxg6 27.Rxg6 Bxf1 28.Rg1 c4
29.Qa3 Bd3 30.Kd1 Be7 31.Bf2 Rg8 32.Qc3 Rxg1+ 33.Bxg1 Rg8 34.Bb6 Rg2 35.
Nxc4 Be2+ 36.Kc1 Na2+  0-1

[Event "Campeonato Individual de Bizkaia - Cat Preferente - 2018 "]
[Site "Bilbao"]
[Date "2018.11.24"]
[Round "6"]
[Board "3"]
[White "Rodriguez Gonzalez, Alex"]
[Black "Garrido Legarreta, Jose Javier"]
[Result "1/2-1/2"]
[WhiteElo "1992"]
[BlackElo "2019"]
[PlyCount "0"]
[EventDate "2018.10.20"]
[EventRounds "6"]
[EventCountry "ESP"]

1.Nf3 Nf6 2.c4 g6 3.Nc3 d5 4.Qa4+ Bd7 5.Qb3 dxc4 6.Qxc4 Bg7 7.e4 O-O 8.e5 
Ne8 9.d4 c6 10.Bf4 Nc7 11.Be2 Nba6 12.a3 Be6 13.Qa4 b5 14.Qa5 Qc8 15.Ng5 
Bc4 16.Bxc4 bxc4 17.O-O Rb8 18.Rab1 Qf5 19.Be3 Qc2 20.Rfc1 Qb3 21.Nge4 
Rfd8 22.Nd2 Qb7 23.Nxc4 Ne6 24.Ne2 Rd5 25.Qe1 c5 26.Nc3 cxd4 27.Nxd5 Qxd5 
28.Bd2 Nac5 29.Qe2 Nb3 30.Re1 Rc8 31.Ne3 dxe3 32.Bxe3 a5 33.f4 Nbd4 34.
Bxd4 Qxd4+ 35.Qe3 Qxe3+ 36.Rxe3 Nxf4 37.Re4 Nd3 38.b4 axb4 39.axb4 Nxe5 
40.b5 Rb8 41.Kf1 Bf6 42.Ke2 Nc6 43.b6 Rb7 44.Rc4 Nd4+ 45.Kd3 Ne6 46.Ke4 
Kg7 47.Kd5 Nd8 48.Rc7 e6+ 49.Kd6 Kf8 50.Rxb7 Nxb7+ 51.Kc7 Na5 52.Rb5 Bc3 
53.Kc8 Nc4 54.Kd7 Nxb6+ 55.Rxb6 e5 56.Rb8+ Kg7 57.g4 f5 58.gxf5 gxf5 59.
Ke6 f4 60.Kf5 f3 61.Rb7+ Kh6 62.Rb6+ Kh5 63.Rb7 h6 64.Ke6 f2 65.Rf7 Bd4 
66.Rf3 Kg4 67.Rg3+ Kh4  1/2-1/2

[Event "Campeonato Individual de Bizkaia - Cat Preferente - 2018 "]
[Site "Bilbao"]
[Date "2018.11.24"]
[Round "6"]
[Board "4"]
[White "Galarza Docampo, Karmel"]
[Black "Torres Garcia, Koldo"]
[Result "1/2-1/2"]
[WhiteElo "1901"]
[BlackElo "1975"]
[PlyCount "0"]
[EventDate "2018.10.20"]
[EventRounds "6"]
[EventCountry "ESP"]

1.d4 Nf6 2.c4 c5 3.d5 b5 4.cxb5 a6 5.b6 Qxb6 6.Nc3 g6 7.e4 d6 8.Bd3 Bg7 9.
h3 Nbd7 10.Nf3 O-O 11.O-O Bb7 12.Re1 e6 13.dxe6 fxe6 14.Bc4 Rae8 15.Ng5 
Nxe4 16.Ngxe4 d5 17.Nxd5 exd5 18.Bxd5+ Kh8 19.Rb1 Bd4 20.Bxb7 Qxb7 21.Nd6 
Bxf2+ 22.Kh2 Rxe1 23.Qxe1 Qd5 24.Qe7 Qd3 25.Nf7+ Rxf7 26.Qxf7 Bg3+ 27.Kg1 
Qd4+ 28.Be3 Qxe3+ 29.Kh1 Qd4 30.Rf1 Bd6 31.Qe8+ Kg7 32.Qxd7+ Kh6 33.Qe6 
Qd3 34.Qe1 c4 35.Rf3 Qd5 36.Rc3 Qd4  1/2-1/2

[Event "Campeonato Individual de Bizkaia - Cat Preferente - 2018 "]
[Site "Bilbao"]
[Date "2018.11.24"]
[Round "6"]
[Board "6"]
[White "Torres Novalbos, David"]
[Black "Valdezate Suarez, Fernando"]
[Result "0-1"]
[WhiteElo "2023"]
[BlackElo "1890"]
[PlyCount "0"]
[EventDate "2018.10.20"]
[EventRounds "6"]
[EventCountry "ESP"]

1.e4 g6 2.d4 Bg7 3.Nc3 c6 4.g3 d5 5.exd5 cxd5 6.Bg2 e6 7.Nf3 Nf6 8.O-O O-O
9.Bf4 a6 10.Ne2 b5 11.Nc1 Nc6 12.Nd3 Ne4 13.Nde5 Nxe5 14.Nxe5 Bb7 15.a4 g5
16.Be3 f5 17.f4 g4 18.Nd3 Bc6 19.Bxe4 dxe4 20.Nc5 Bd5 21.Qd2 Qe7 22.axb5 
axb5 23.Ra5 Ra7 24.Qb4 Bc6 25.Rf2 Rfa8 26.Rxa7 Qxa7 27.Nb3 Rd8 28.Rd2 Qa2 
29.Nc1 Qb1 30.Rf2 Rxd4 31.Qe1 Qxb2 32.c3 Qxc3 33.Qxc3 Rd1+ 34.Kg2 Bxc3 35.
Rc2 b4  0-1

[Event "Campeonato Individual de Bizkaia - Cat Preferente - 2018 "]
[Site "Bilbao"]
[Date "2018.11.24"]
[Round "6"]
[Board "7"]
[White "Cuero Reid, Maximo Javier"]
[Black "Sarralde Marco, Emilio"]
[Result "1-0"]
[WhiteElo "1781"]
[BlackElo "1859"]
[PlyCount "0"]
[EventDate "2018.10.20"]
[EventRounds "6"]
[EventCountry "ESP"]

1.a3 a5 2.e4 b6 3.Nf3 Ba6 4.c4 c5 5.d4 e6 6.d5 exd5 7.exd5 d6 8.Bd3 Nf6 9.
O-O Be7 10.Re1 O-O 11.Nc3 Nbd7 12.b3 Re8 13.Ra2 Qc7 14.Rae2 Bf8 15.Ne4 
Nxe4 16.Rxe4 Rxe4 17.Rxe4 Nf6 18.Rh4 g6 19.Bb2 Bg7 20.Ng5 Qe7 21.Qa1 Ne8 
22.Nf3 Bxb2 23.Qxb2 Qf6 24.Qc1 Ra7 25.Rf4 Qg7 26.Qe1 Nf6 27.Ng5 Bc8 28.h4 
h6 29.Ne4 Nh5 30.Rf3 Re7 31.Re3 Rd7 32.Nxd6 Rxd6 33.Re8+ Kh7 34.Rxc8 Nf4 
35.Bf1  1-0